000 00309nam a22001337a 4500
008 180925b xxu||||| |||| 00| 0 eng d
020 _a044228678
041 _aeng
080 _a721
100 _a41
101 _aNDE
245 _aEarth Sheltered Residental Design Manual
_cVan.N.R
942 _2udc
_cBK
999 _c48458
_d48458